|
|
|
|
| LEADER |
00850cam a2200229 7i4500 |
| 001 |
0000015004 |
| 005 |
20170218090000.0 |
| 008 |
070518 eng |
| 020 |
|
|
|a 0071156887 (pbk.)
|
| 020 |
|
|
|a 9780071156882
|
| 090 |
0 |
0 |
|a QA39.2
|b .D96 1998
|
| 100 |
1 |
|
|a Dymacek, Wayne M
|
| 245 |
1 |
0 |
|a Introduction to discrete mathematics
|c Wayne M. Dymacek, Henry Sharp, Jr.
|
| 260 |
|
|
|a Boston:
|b McGraw-Hill,
|c 1998.
|
| 300 |
|
|
|a xxi, 690 p.:
|b col. ill.;
|c 25 cm.
|
| 490 |
0 |
|
|a Mathematics and statistics series
|
| 504 |
|
|
|a Includes bibliographical references and index
|
| 650 |
0 |
0 |
|a Mathematics
|
| 700 |
1 |
|
|a Sharp, Henry
|
| 997 |
|
|
|a Communication, Visual Art & Computing, Faculty
|b Computing, Department
|
| 999 |
|
|
|a 0000022237
|b BOK
|c OPEN SHELF
|e 2nd Floor, Bestari Jaya
|
| 999 |
|
|
|a 0000028474
|b BOK
|c OPEN SHELF
|e 2nd Floor, Bestari Jaya
|